| 000 | 00332nam a22001217a 4500 | ||
|---|---|---|---|
| 020 | _a0-471-63512-4 | ||
| 082 | _a629.8920321 INT'D | ||
| 100 |
_aDORF, R.C _965976 |
||
| 245 | _aINTERNATIONAL ENCYCLOPEDIA OF ROBOTICS , APPLICATIONS AND AUTOMATION VOL-1 | ||
| 260 |
_aNEWYORK _bJOHN WILEY _c1988 |
||
| 300 | _aXVII,652P | ||
| 942 | _cBK | ||
| 999 |
_c574038 _d574038 |
||